00184nam a2200073Ia 4500008004100000082000800041100002200049245003900071240331s9999 xx 000 0 und d bNES aNesiah, Devanesan 0aTamil language rights in Sri Lanka